[Event "South Asian Chess Council-ch"]
[Site "Godawari"]
[Date "2023.06.17"]
[Round "7"]
[White "Bhandari, Kshitiz"]
[Black "Lama, Surbir"]
[Result "1-0"]
[WhiteElo "2028"]
[BlackElo "2032"]
[PlyCount "115"]
[EventDate "2023.06.14"]
[EventType "tourn"]
[EventRounds "9"]
[EventCountry "NEP"]
[SourceTitle "CBM 214 Extra"]
[Source "ChessBase"]
[SourceDate "2023.07.31"]
[SourceVersion "1"]
[SourceVersionDate "2023.07.31"]
[SourceQuality "1"]

1. d4 g6 2. c4 Bg7 3. Nc3 Nf6 4. e4 d6 5. Nf3 0-0 6. Be2 e5 7. 0-0 Nc6 8. d5 Ne7 9. Ne1 Nd7 10. f3 f5 11. Be3 f4 12. Bf2 g5 13. Nd3 Rf6 14. c5 a6 15. Qb3 Kh8 16. Na4 Rh6 17. cxd6 cxd6 18. Nb6 Nxb6 19. Bxb6 Qe8 20. Nf2 Ng8 21. Rfc1 Nf6 22. h3 Nd7 23. Rc7 Bf8 24. Rac1 Nc5 25. Qa3 Rg6 26. b4 Nd7 27. Bb5 Rg7 28. Ba4 Re7 29. Qc3 Qf7 30. Ba5 b6 31. Rxc8 Rxc8 32. Qxc8 bxa5 33. Bxd7 Rxd7 34. bxa5 Rb7 35. Qf5 Qxf5 36. exf5 Rb5 37. Rc7 h6 38. Ne4 Bg7 39. Rc8+ Kh7 40. f6 Bxf6 41. Nxf6+ Kg6 42. Ne4 Rxd5 43. Rc6 Rxa5 44. Rxd6+ Kg7 45. Nc3 Rc5 46. Rd3 Rc4 47. Kf2 h5 48. Rd7+ Kf8 49. Ne4 g4 50. h4 Ra4 51. Rd2 Kg7 52. Ke2 Ra3 53. Rc2 Kg6 54. Rc6+ Kg7 55. Nc3 e4 56. fxe4 Ra5 57. Kd3 Ra3 58. Rc5 1-0

[Event "NEP-ch"]
[Site "Kathmandu"]
[Date "2023.04.21"]
[Round "5"]
[White "Subedi, Rajan"]
[Black "Bhandari, Kshitiz"]
[Result "1/2-1/2"]
[WhiteElo "1935"]
[BlackElo "2031"]
[PlyCount "130"]
[EventDate "2023.04.18"]
[EventType "tourn"]
[EventRounds "9"]
[EventCountry "NEP"]
[SourceTitle "EXT 2024"]
[Source "ChessBase"]
[SourceDate "2023.10.10"]
[SourceVersion "1"]
[SourceVersionDate "2023.10.10"]
[SourceQuality "1"]

1. e4 c5 2. Nf3 e6 3. c4 Nc6 4. d4 cxd4 5. Nxd4 Nf6 6. Nc3 Bb4 7. Nxc6 bxc6 8. Bd3 0-0 9. 0-0 e5 10. Qf3 Be7 11. h3 d6 12. Rd1 a5 13. b3 Qc7 14. Bf1 Be6 15. g3 Nd7 16. Bg2 Nc5 17. Ba3 Rfd8 18. Rac1 g6 19. Qe3 f6 20. Rc2 Bf7 21. f4 Ne6 22. Rf2 Nd4 23. Rdf1 Rf8 24. c5 dxc5 25. Na4 c4 26. Bxe7 Qxe7 27. Nb6 Rab8 28. Nxc4 Bxc4 29. bxc4 Qc5 30. Kh2 a4 31. h4 a3 32. fxe5 fxe5 33. Qg5 Ne6 34. Rxf8+ Rxf8 35. Rxf8+ Nxf8 36. h5 Kf7 37. h6 Ne6 38. Qd2 Nd4 39. Qe3 Qxc4 40. Qxa3 Qe2 41. Qa7+ Ke6 42. Qg7 Nf3+ 43. Kh3 Ng5+ 44. Kh2 Qh5+ 45. Kg1 Qd1+ 46. Kh2 Qh5+ 47. Kg1 Nf7 48. Qxh7 Qxh6 49. Bh3+ Ke7 50. Qxh6 Nxh6 51. Kf2 Kd6 52. Ke3 Nf7 53. Kd3 Kc5 54. Kc3 Nd6 55. Bg2 Nb5+ 56. Kd3 Kb4 57. Bh3 Na3 58. Be6 c5 59. g4 g5 60. Bd5 c4+ 61. Kd2 Nb5 62. Kc2 Nd4+ 63. Kd2 c3+ 64. Kd3 Nb5 65. Kc2 Na3+ 1/2-1/2

[Event "NEP-chB"]
[Site "Bhaktapur"]
[Date "2023.02.08"]
[Round "9"]
[White "Bhandari, Kshitiz"]
[Black "Lama, Surbir"]
[Result "1-0"]
[WhiteElo "2045"]
[BlackElo "2003"]
[PlyCount "111"]
[EventDate "2023.02.04"]
[EventType "swiss"]
[EventRounds "9"]
[EventCountry "NEP"]
[SourceTitle "EXT 2024"]
[Source "ChessBase"]
[SourceDate "2023.10.10"]
[SourceVersion "1"]
[SourceVersionDate "2023.10.10"]
[SourceQuality "1"]

1. e4 c5 2. Nf3 Nc6 3. c3 Nf6 4. e5 Nd5 5. Bc4 e6 6. 0-0 d6 7. d4 Be7 8. Qe2 Nb6 9. Bd3 cxd4 10. cxd4 Nb4 11. Bb5+ Bd7 12. a3 Bxb5 13. Qxb5+ Nc6 14. Nc3 d5 15. Na4 Nxa4 16. Qxa4 Qa5 17. Qb3 Qa6 18. Bd2 0-0 19. Rfc1 Rfc8 20. Rc2 Nd8 21. Rac1 Rxc2 22. Qxc2 Nc6 23. h4 h6 24. Qc3 Rc8 25. h5 Bf8 26. Qe3 Ne7 27. Rxc8 Nxc8 28. g4 Qa4 29. Qd3 Qc4 30. Qb1 Qb3 31. Kg2 Nb6 32. Qc1 Nc4 33. Bc3 Be7 34. Nd2 Qb5 35. Nf3 Nb6 36. Bd2 Qc4 37. Qb1 Qe2 38. Qc1 Nc4 39. a4 Qe4 40. Kg3 Qd3 41. Qc3 Qe2 42. b3 Nxd2 43. Qxd2 Bh4+ 44. Kxh4 Qxf3 45. Qc2 f5 46. exf6 Qxf6+ 47. Kg3 e5 48. dxe5 Qxe5+ 49. Kg2 Qe6 50. f3 d4 51. Qc4 Qxc4 52. bxc4 Kf7 53. f4 Ke6 54. Kf3 Kd6 55. Ke4 Kc5 56. Kd3 1-0

[Event "NEP-chB"]
[Site "Bhaktapur"]
[Date "2023.02.05"]
[Round "4"]
[White "Bhandari, Kshitiz"]
[Black "Jaiswal, Rupesh"]
[Result "0-1"]
[WhiteElo "2045"]
[BlackElo "2130"]
[PlyCount "54"]
[EventDate "2023.02.04"]
[EventType "swiss"]
[EventRounds "9"]
[EventCountry "NEP"]
[SourceTitle "EXT 2024"]
[Source "ChessBase"]
[SourceDate "2023.10.10"]
[SourceVersion "1"]
[SourceVersionDate "2023.10.10"]
[SourceQuality "1"]

1. d4 Nf6 2. c4 g6 3. Nc3 Bg7 4. e4 d6 5. f3 0-0 6. Be3 Nbd7 7. Qd2 a6 8. Nge2 c5 9. Bh6 Bxh6 10. Qxh6 b5 11. d5 Ne5 12. Ng3 bxc4 13. h4 Rb8 14. Rb1 e6 15. h5 Qe7 16. Kd2 Bb7 17. dxe6 Qxe6 18. Kc2 Bc6 19. Nge2 Nd3 20. g4 Rb7 21. Nc1 Nb4+ 22. Kd1 Nxe4 23. fxe4 Bxe4 24. Rh2 Bxb1 25. Nxb1 Qxg4+ 26. Ne2 Qf5 27. Nd2 Qc2+ 0-1

[Event "SCO National Online"]
[Site "Chess.com INT"]
[Date "2022.11.19"]
[Round "9"]
[White "Ilkhomi, Jaloliddin"]
[Black "Bhandari, Kshitiz"]
[Result "0-1"]
[WhiteElo "2145"]
[BlackElo "2060"]
[PlyCount "238"]
[EventDate "2022.11.19"]
[EventType "team-swiss (rapid)"]
[EventRounds "9"]
[EventCountry "USA"]
[SourceTitle "CBM 211 Extra"]
[Source "ChessBase"]
[SourceDate "2023.01.31"]
[SourceVersion "1"]
[SourceVersionDate "2023.01.31"]
[SourceQuality "1"]
[WhiteTeam "Tajikistan"]
[BlackTeam "Nepal"]
[WhiteTeamCountry "TJK"]
[BlackTeamCountry "NEP"]

1. d4 Nf6 2. Nf3 e6 3. Bf4 c5 4. e3 Nc6 5. c3 d5 6. Nbd2 Bd6 7. Bg3 0-0 8. Bd3 Bxg3 9. hxg3 h6 10. Qe2 Ng4 11. dxc5 e5 12. Bc2 Qe7 13. b4 a5 14. a3 axb4 15. cxb4 Nxb4 16. Bb3 Qxc5 17. 0-0 Nc6 18. Rac1 Qd6 19. Rfd1 Be6 20. a4 Qb4 21. Rb1 Qe7 22. Bc2 e4 23. Nd4 Nxd4 24. exd4 Rfc8 25. Nf1 Nf6 26. Ne3 Rc7 27. Rb2 Rac8 28. Rdb1 Ne8 29. Bb3 Nf6 30. Bd1 h5 31. Qd2 g6 32. Qb4 Qe8 33. Qa5 Qd7 34. Qb5 Qd8 35. Qa5 Ra8 36. Qd2 Bc8 37. Rb6 Ra6 38. Rxa6 bxa6 39. Rb6 Kg7 40. Be2 Rb7 41. Rc6 Rb1+ 42. Kh2 Bd7 43. Rd6 Rb6 44. Qa5 Rb8 45. Qxd8 Rxd8 46. Nxd5 Ne8 47. Rxa6 Bxa4 48. Nc3 Bc2 49. d5 Nd6 50. Ra2 Bb3 51. Rb2 Bc4 52. Bxc4 Nxc4 53. Rb4 Ne5 54. Rxe4 Ng4+ 55. Kg1 Rc8 56. Nd1 Rc1 57. Rd4 Nf6 58. Kf1 Kf8 59. Ke2 Ke7 60. Ne3 Ne8 61. Re4+ Kd7 62. Ra4 Nd6 63. Ra7+ Ke8 64. Kd3 Rb1 65. g4 h4 66. g5 Rb2 67. Ng4 Rb3+ 68. Kc2 Rb5 69. Nf6+ Kf8 70. Ra8+ Ke7 71. Rg8 Rc5+ 72. Kd3 Ra5 73. Rb8 Ra2 74. Ke3 Nf5+ 75. Kf3 Ra3+ 76. Ke4 Nd6+ 77. Kf4 Ra4+ 78. Kf3 Rd4 79. Ra8 Rb4 80. Ra7+ Nb7 81. Ra3 Kd6 82. Ra6+ Ke5 83. Ke3 Rb3+ 84. Ke2 Nd6 85. Ra7 Kf5 86. f3 Kxg5 87. Ne4+ Nxe4 88. fxe4 Kf6 89. Kf2 g5 90. Ke2 g4 91. d6 Ke6 92. d7 Ke7 93. d8Q+ Kxd8 94. Rxf7 Rb2+ 95. Kf1 g3 96. Rf4 Rb1+ 97. Ke2 h3 98. gxh3 g2 99. Rg4 g1Q 100. Rxg1 Rxg1 101. Kf2 Rg8 102. Kf3 Ke7 103. h4 Ke6 104. Kf4 Kf6 105. e5+ Kg6 106. h5+ Kxh5 107. Kf5 Rf8+ 108. Ke6 Kg6 109. Kd7 Rf1 110. e6 Kf6 111. e7 Rd1+ 112. Kc8 Re1 113. Kd7 Kf7 114. Kd8 Rxe7 115. Kc8 Ke6 116. Kd8 Kd6 117. Kc8 Kc6 118. Kd8 Re4 119. Kc8 Re8# 0-1

[Event "Olympiad-44"]
[Site "Chennai"]
[Date "2022.08.08"]
[Round "10.3"]
[White "Zhakshylykov, Erzhan"]
[Black "Bhandari, Kshitiz"]
[Result "1-0"]
[WhiteElo "2332"]
[BlackElo "2071"]
[PlyCount "51"]
[EventDate "2022.07.29"]
[EventType "team-swiss"]
[EventRounds "11"]
[EventCountry "IND"]
[SourceTitle "CBM 210"]
[Source "ChessBase"]
[SourceDate "2022.10.31"]
[SourceVersion "1"]
[SourceVersionDate "2022.10.31"]
[SourceQuality "1"]
[WhiteTeam "Kyrgyzstan"]
[BlackTeam "Nepal"]
[WhiteTeamCountry "KGZ"]
[BlackTeamCountry "NEP"]

1. e4 c5 2. Nf3 e6 3. d4 cxd4 4. Nxd4 a6 5. c4 Nf6 6. Nc3 d6 7. Be2 Nbd7 8. Be3 b6 9. 0-0 Bb7 10. f3 Be7 11. a4 0-0 12. a5 bxa5 13. Nb3 Qc7 14. Nxa5 Rfb8 15. Qd2 Ne5 16. Rfc1 Bc8 17. Na4 Bd7 18. b4 Nc6 19. Nxc6 Bxc6 20. b5 Be8 21. Nc3 a5 22. b6 Qb7 23. Nb5 Bxb5 24. cxb5 d5 25. Rc7 Bb4 26. Qd1 1-0

[Event "Olympiad-44"]
[Site "Chennai"]
[Date "2022.08.06"]
[Round "8.4"]
[White "Bhandari, Kshitiz"]
[Black "Nor, Mohamed Ahmed"]
[Result "1/2-1/2"]
[WhiteElo "2071"]
[BlackElo "1907"]
[PlyCount "158"]
[EventDate "2022.07.29"]
[EventType "team-swiss"]
[EventRounds "11"]
[EventCountry "IND"]
[SourceTitle "CBM 210"]
[Source "ChessBase"]
[SourceDate "2022.10.31"]
[SourceVersion "1"]
[SourceVersionDate "2022.10.31"]
[SourceQuality "1"]
[WhiteTeam "Nepal"]
[BlackTeam "Somalia"]
[WhiteTeamCountry "NEP"]
[BlackTeamCountry "SOM"]

1. Nf3 Nf6 2. c4 c5 3. g3 g6 4. b3 Bg7 5. Bb2 Nc6 6. Bg2 0-0 7. 0-0 d6 8. Nc3 e5 9. d3 Be6 10. Ng5 Qd7 11. a3 Rad8 12. b4 cxb4 13. axb4 Nxb4 14. Rxa7 Nc6 15. Ra4 h6 16. Nxe6 Qxe6 17. Nd5 Qd7 18. Nc3 Ra8 19. e3 Rfb8 20. Nb5 Bf8 21. e4 Nh5 22. Bf3 Ng7 23. Bg2 Ne6 24. Rxa8 Rxa8 25. f4 Nc5 26. Bc3 Qd8 27. d4 exd4 28. Nxd4 Qb6 29. Kh1 Ra3 30. Nb5 Ra2 31. e5 dxe5 32. fxe5 Ne6 33. Qf3 Ncd8 34. Nd6 Qc7 35. Qd5 Qc6 36. h4 h5 37. Ne4 Be7 38. Rd1 Kg7 39. Nd6 Rc2 40. Nb5 Bc5 41. Qe4 Qxe4 42. Bxe4 Re2 43. Bf3 Re3 44. Kg2 Nc6 45. Rd5 Ne7 46. Rxc5 Rxc3 47. Nxc3 Nxc5 48. Bd5 Nf5 49. Nb5 Kf8 50. Kf3 Ke7 51. Nd6 Nxd6 52. exd6+ Kf6 53. Ke3 b6 54. Kd4 Ne6+ 55. Kc3 Ke5 56. d7 Nd8 57. Kb4 Kd6 58. Kb5 Kc7 59. Ka6 f6 60. Kb5 g5 61. Bf3 Ne6 62. Bxh5 Nd4+ 63. Ka6 gxh4 64. gxh4 Nf5 65. d8Q+ Kxd8 66. Kxb6 Nxh4 67. c5 Nf5 68. c6 Ne7 69. c7+ Kd7 70. Kb7 f5 71. Bg6 Ke6 72. Bh5 Kd7 73. Bf3 Kd6 74. Bg2 Kd7 75. Bc6+ Kd6 76. Be8 f4 77. Bh5 Kd7 78. Bf3 Kd6 79. Bg4 Kc5 1/2-1/2

[Event "Liwali Bhaktapur Cup"]
[Site "Liwali"]
[Date "2021.03.16"]
[Round "6.4"]
[White "Manandhar, Keshab"]
[Black "Bhandari, Kshitiz"]
[Result "1/2-1/2"]
[WhiteElo "1714"]
[BlackElo "1984"]
[PlyCount "76"]
[EventDate "2021.03.13"]
[EventType "team-swiss"]
[EventRounds "7"]
[EventCountry "NEP"]
[SourceTitle "EXT 2022"]
[Source "ChessBase"]
[SourceDate "2021.10.06"]
[SourceVersion "1"]
[SourceVersionDate "2021.10.06"]
[SourceQuality "1"]
[WhiteTeam "Bhaktapur Municipality II"]
[BlackTeam "Hetauda Sub Metropolitan City"]
[WhiteTeamCountry "NEP"]
[BlackTeamCountry "NEP"]

1. d4 Nf6 2. c4 e6 3. Nc3 d5 4. cxd5 exd5 5. Qc2 Bd6 6. Bg5 c6 7. e3 0-0 8. Bd3 h6 9. Bh4 Re8 10. Nge2 Nbd7 11. Bg3 Qe7 12. 0-0 b6 13. Rac1 Bb7 14. Rfd1 a6 15. Bxd6 Qxd6 16. Ng3 c5 17. Qe2 cxd4 18. Nf5 Qe5 19. Nxd4 Nc5 20. Bb1 Rac8 21. Qf3 Nce4 22. Nce2 Rxc1 23. Rxc1 Rc8 24. Rxc8+ Bxc8 25. Qf4 Qxf4 26. Nxf4 Nd6 27. Bd3 Kf8 28. Kf1 a5 29. Ke1 Bd7 30. h3 Ke7 31. Kd2 Nde4+ 32. Ke1 Kd6 33. f3 Nc5 34. Bc2 g6 35. Kd2 Be8 36. Bd1 Nfd7 37. Nb5+ Kc6 38. Nd4+ Kd6 1/2-1/2

[Event "Liwali Bhaktapur Cup"]
[Site "Liwali"]
[Date "2021.03.15"]
[Round "4.4"]
[White "Maharjan, Saroj"]
[Black "Bhandari, Kshitiz"]
[Result "0-1"]
[WhiteElo "1833"]
[BlackElo "1984"]
[PlyCount "102"]
[EventDate "2021.03.13"]
[EventType "team-swiss"]
[EventRounds "7"]
[EventCountry "NEP"]
[SourceTitle "EXT 2022"]
[Source "ChessBase"]
[SourceDate "2021.10.06"]
[SourceVersion "1"]
[SourceVersionDate "2021.10.06"]
[SourceQuality "1"]
[WhiteTeam "Lalitpur Metropolitan City"]
[BlackTeam "Hetauda Sub Metropolitan City"]
[WhiteTeamCountry "NEP"]
[BlackTeamCountry "NEP"]

1. e4 c5 2. Nf3 Nc6 3. Nc3 e6 4. d4 cxd4 5. Nxd4 a6 6. a4 Qc7 7. Be2 Nf6 8. Bg5 Bb4 9. Bxf6 gxf6 10. Nxc6 bxc6 11. Qd4 Be7 12. 0-0 h5 13. Bf3 Rb8 14. Rab1 a5 15. Rfe1 h4 16. h3 Rg8 17. b3 Rb4 18. Qd3 Qe5 19. Rbd1 Bc5 20. Ne2 Ke7 21. Qc3 Ba6 22. Qxe5 fxe5 23. Rd2 d5 24. Nc1 Rd4 25. Rxd4 Bxd4 26. Na2 Kd6 27. c3 Bb6 28. Rd1 f5 29. c4 Bd4 30. exf5 exf5 31. Be2 dxc4 32. bxc4 Kc7 33. Rb1 Rg3 34. Rc1 Ra3 35. Rc2 Rxa4 36. Kf1 Ra3 37. Rd2 c5 38. Rc2 a4 39. Ke1 e4 40. f3 Bb7 41. Bd1 exf3 42. gxf3 Bxf3 43. Bxf3 Rxf3 44. Rh2 Be5 45. Re2 Kd6 46. Nc1 Rxh3 47. Kd2 Bf4+ 48. Kc2 Rh2 49. Rxh2 Bxh2 50. Kd3 Ke5 51. Ne2 a3 0-1

[Event "Budha Bhandari Memorial"]
[Site "Budhanilkantha"]
[Date "2019.11.12"]
[Round "5"]
[White "Bhandari, Kshitiz"]
[Black "Tandukar, Nabin"]
[Result "1-0"]
[WhiteElo "2030"]
[BlackElo "1888"]
[PlyCount "65"]
[EventDate "2019.11.09"]
[EventType "swiss"]
[EventRounds "9"]
[EventCountry "NEP"]
[SourceTitle "CBM 193 Extra"]
[Source "ChessBase"]
[SourceDate "2020.01.31"]
[SourceVersion "1"]
[SourceVersionDate "2020.01.31"]
[SourceQuality "1"]

1. d4 Nf6 2. c4 c5 3. d5 d6 4. Nc3 g6 5. Nf3 Bg7 6. e4 0-0 7. h3 e6 8. Be2 e5 9. 0-0 Ne8 10. Ne1 f5 11. f4 Nd7 12. Nd3 exf4 13. Nxf4 Ne5 14. Ne6 Bxe6 15. dxe6 Qe7 16. exf5 gxf5 17. Bf3 Kh8 18. Bd5 Rb8 19. Qh5 Nf6 20. Bg5 a6 21. a4 Qc7 22. Bxf6 Rxf6 23. Rxf5 Rxf5 24. Qxf5 Qb6 25. Be4 Ng6 26. Rb1 Rg8 27. Nd5 Qd8 28. Qh5 Bd4+ 29. Kh1 Qe8 30. e7 Be5 31. Rf1 Kg7 32. Bf5 Kh8 33. Be6 1-0

[Event "Olympiad-42"]
[Site "Baku"]
[Date "2016.09.13"]
[Round "11.3"]
[White "Al Saffar, Araz Basim Mohammed"]
[Black "Bhandari, Kshitiz"]
[Result "0-1"]
[WhiteElo "2361"]
[BlackElo "2013"]
[PlyCount "82"]
[EventDate "2016.09.02"]
[EventType "team-swiss"]
[EventRounds "11"]
[EventCountry "AZE"]
[SourceTitle "CBM 175"]
[Source "ChessBase"]
[SourceDate "2016.11.10"]
[SourceVersion "1"]
[SourceVersionDate "2016.11.10"]
[SourceQuality "1"]
[WhiteTeam "Iraq"]
[BlackTeam "Nepal"]
[WhiteTeamCountry "IRQ"]
[BlackTeamCountry "NEP"]

1. d4 Nf6 2. Nf3 g6 3. c4 Bg7 4. g3 d6 5. Bg2 0-0 6. 0-0 Nc6 7. Nc3 a6 8. d5 Na5 9. b3 c5 10. dxc6 Nxc6 11. Bb2 Rb8 12. Ne1 Bd7 13. e4 b5 14. cxb5 axb5 15. Nd5 Nxd5 16. Bxg7 Ne3 17. fxe3 Kxg7 18. Nc2 Ne5 19. Nb4 h5 20. Qd4 f6 21. Rac1 Rc8 22. Nd5 Rc6 23. Qa7 Kf7 24. Rxc6 Nxc6 25. Qb7 Ne5 26. Rc1 Qa5 27. Rf1 Qxa2 28. b4 Rc8 29. Nc7 Qc4 30. Qd5+ e6 31. Nxb5 exd5 32. Nxd6+ Ke7 33. Nxc4 dxc4 34. Rc1 Nd3 35. Rc3 Nxb4 36. e5 fxe5 37. Bf1 Be6 38. Kf2 Na2 39. Ra3 c3 40. Ra7+ Kf6 41. Bd3 Nb4 0-1

[Event "Olympiad-42"]
[Site "Baku"]
[Date "2016.09.10"]
[Round "8.3"]
[White "Bhandari, Kshitiz"]
[Black "Stachanczyk, Jacek"]
[Result "1-0"]
[WhiteElo "2013"]
[BlackElo "2192"]
[PlyCount "69"]
[EventDate "2016.09.02"]
[EventType "team-swiss"]
[EventRounds "11"]
[EventCountry "AZE"]
[SourceTitle "CBM 175"]
[Source "ChessBase"]
[SourceDate "2016.11.10"]
[SourceVersion "1"]
[SourceVersionDate "2016.11.10"]
[SourceQuality "1"]
[WhiteTeam "Nepal"]
[BlackTeam "IBCA"]
[WhiteTeamCountry "NEP"]

1. Nf3 g6 2. e4 c5 3. d4 cxd4 4. Nxd4 Nf6 5. Nc3 d6 6. Bc4 Bg7 7. f3 0-0 8. Be3 Nc6 9. Qd2 Bd7 10. 0-0-0 Rc8 11. Bb3 Nxd4 12. Bxd4 b5 13. a3 a5 14. Nd5 Nxd5 15. Bxg7 Kxg7 16. Bxd5 Qb6 17. h4 h5 18. Bb3 Rc5 19. Kb1 b4 20. a4 Rfc8 21. Qd4+ Kg8 22. g4 Qc6 23. gxh5 Rxh5 24. Rdg1 Kf8 25. Rg5 e5 26. Qd2 Rh7 27. f4 Qxe4 28. Qxd6+ Kg7 29. Rc1 Bf5 30. Qe7 Kg8 31. fxe5 Rg7 32. h5 Kh7 33. Rgg1 Bg4 34. hxg6+ fxg6 35. Qh4+ 1-0

[Event "Olympiad-42"]
[Site "Baku"]
[Date "2016.09.09"]
[Round "7.3"]
[White "Mooney, Graham"]
[Black "Bhandari, Kshitiz"]
[Result "0-1"]
[WhiteElo "1840"]
[BlackElo "2013"]
[PlyCount "100"]
[EventDate "2016.09.02"]
[EventType "team-swiss"]
[EventRounds "11"]
[EventCountry "AZE"]
[SourceTitle "CBM 175"]
[Source "ChessBase"]
[SourceDate "2016.11.10"]
[SourceVersion "1"]
[SourceVersionDate "2016.11.10"]
[SourceQuality "1"]
[WhiteTeam "Jersey"]
[BlackTeam "Nepal"]
[WhiteTeamCountry "GCI"]
[BlackTeamCountry "NEP"]

1. e4 c5 2. Nf3 d6 3. d4 cxd4 4. Nxd4 Nf6 5. Nc3 a6 6. Be3 e6 7. f3 Be7 8. Qd2 b5 9. Bd3 Bb7 10. 0-0 Nbd7 11. Nb3 Rc8 12. Rad1 0-0 13. Qf2 Qc7 14. a3 Rfe8 15. Rfe1 Ba8 16. Bf1 d5 17. exd5 Nxd5 18. Nxd5 Bxd5 19. Nd4 Bf6 20. c3 Ne5 21. Qg3 Qd8 22. Bg5 Bxg5 23. Qxe5 Bf6 24. Qe3 Qb6 25. Nf5 Qb8 26. Ng3 g6 27. Rd2 Bh4 28. Qf2 Be7 29. Kh1 Bc5 30. Qe2 Bd6 31. Ne4 Bxe4 32. Qxe4 Bxh2 33. Red1 Rc5 34. g4 Bf4 35. Rd4 Bg5 36. Rd7 Qg3 37. Re1 Bf4 38. Re2 Re5 39. Qd3 Re3 40. Qxe3 Bxe3 41. Rxe3 Qf2 42. Red3 Qxf1+ 43. Kh2 Qf2+ 44. Kh3 Qxb2 45. Ra7 Qe2 46. Rdd7 Qxf3+ 47. Kh2 Rc8 48. g5 Qh5+ 49. Kg2 Qxg5+ 50. Kf2 Qf4+ 0-1

[Event "Olympiad-42"]
[Site "Baku"]
[Date "2016.09.06"]
[Round "5.3"]
[White "Psaila, Clarence"]
[Black "Bhandari, Kshitiz"]
[Result "0-1"]
[WhiteElo "2057"]
[BlackElo "2013"]
[PlyCount "126"]
[EventDate "2016.09.02"]
[EventType "team-swiss"]
[EventRounds "11"]
[EventCountry "AZE"]
[SourceTitle "CBM 175"]
[Source "ChessBase"]
[SourceDate "2016.11.10"]
[SourceVersion "1"]
[SourceVersionDate "2016.11.10"]
[SourceQuality "1"]
[WhiteTeam "Malta"]
[BlackTeam "Nepal"]
[WhiteTeamCountry "MLT"]
[BlackTeamCountry "NEP"]

1. Nf3 g6 2. c4 Nf6 3. Nc3 Bg7 4. g3 d6 5. d4 0-0 6. Bg2 c6 7. 0-0 Qa5 8. e4 e5 9. h3 Nbd7 10. Be3 a6 11. Rb1 Re8 12. Re1 exd4 13. Nxd4 Ne5 14. b4 Qc7 15. Qb3 a5 16. a3 axb4 17. axb4 Ned7 18. Red1 h5 19. Rd2 h4 20. g4 Ne5 21. f3 Ned7 22. Rbd1 Nf8 23. Nde2 Be6 24. Rxd6 b5 25. Qc2 Bxc4 26. Bc5 N6d7 27. Be3 Ra3 28. Qd2 Ne5 29. Bc5 Bxe2 30. Nxe2 Nc4 31. Qc1 Ra1 32. Qf4 Nxd6 33. Rxa1 Bxa1 34. Bxd6 Qa7+ 35. Bc5 Qa2 36. Nd4 Bxd4+ 37. Bxd4 Ne6 38. Qe5 Nxd4 39. Qxe8+ Kh7 40. Qe7 Ne2+ 41. Kh2 Nf4 42. Qxh4+ Kg7 43. Qg3 g5 44. e5 Qa1 45. h4 Ne2 46. Qf2 Qxe5+ 47. Kh1 gxh4 48. Bf1 Ng3+ 49. Kg2 Qa1 50. f4 Qd1 51. g5 Qd5+ 52. Kh3 Qh1+ 53. Kg4 Qxf1 54. Qd4+ Kh7 55. g6+ Kxg6 56. Qd6+ f6 57. Qc5 Qd1+ 58. Kh3 Qf3 59. Qc2+ Nf5+ 60. Kh2 Qxf4+ 61. Kh1 h3 62. Kg1 Qg3+ 63. Kf1 Qg2+ 0-1